Представление документа в формате RUSMARC

ПолеНазваниеЗначение
  Тип записи a
  Библиографический уровень m
001 Контрольный номер 8347582331224e328204401ff0fddefc
005 Дата корректировки 20151208102524.3
010 Индекс ISBN __
a ISBN 5-279-02248-9
200 Заглавие и сведения об ответственности 1_
a Заглавие Бухгалтерский учет в торговле
e Сведения, относящиеся к заглавию учеб. пособие для вузов
f Первые сведения об ответственности М. И. Баканов, И. М. Дмитриева, М. Б. Чиркова и др.; Под ред. М. И. Баканова
210 Выходные данные 1_
a Место издания М.
c Издательство Финансы и статистика
d Дата издания 2002
215 Физическое описание __
a Объем 575 с.
610 Ключевые слова 0_
a Ключевые слова бухгалтерский учет в торговле
610 Ключевые слова 0_
a Ключевые слова бухгалтерская отчетность организации
610 Ключевые слова 0_
a Ключевые слова анализ финансового состояния организации
686 Индексы других классификаций __
a Классификационный индекс 65.052.9(2)242я73
2 Код системы rubbk
801 Источник записи _0
a Страна RU
b Организация РУК
c Дата составления 20021221
g Правила каталогизации PSBO
801 Источник записи _1
a Страна RU
b Организация РУК
c Дата составления 20021221
g Правила каталогизации PSBO
852 Данные о местонахождении __
i Авторский знак Б 94
j Шифр хранения ББК 65.052
901 Тип документа __
t Тип документа m
938 Служебная информация __
a Название организации Головной вуз
b Имя БД BOOK
c Название АИБС АИБС ИРБИС
938 Служебная информация __
a Название организации Владимирский филиал